000
00224nam a2200097Ia 4500
008
240625s9999 xx 000 0 und d
041
_a
eng
100
_a
LINUX FOR YOU
245
_a
LINUX FOR YOU FRUGALWARE 1 2
260
_c
2010
999
_c
34621
_d
34621